Statistics for Gossip girl quiz

Click here to take the quiz!

General Stats

  • This quiz has been taken 416 times
  • The average score is 9 of 18

Answer Stats

HintsAnswer% Correct
How many siblings does Dan Humphrey have?2
92%
How many times were Blair married?2
92%
What is Blair often referred to?queen b
89%
What is Serenas full name?Serena Celia van der woodsen
82%
Who is often referred to "it girl"Serena van der woodsen
81%
What is Chuck bass most iconic line?Im chuck bass
77%
Who is Gossip Girl?Dan Humphrey
67%
Who is chucks uncle?Jack Bass
64%
What is Blairs full name?Blair Cornelia Waldorf
56%
What does Chuck bass often call Nate?Nathaniel
49%
Who portrayed Jenny Humphrey in the serie?Taylor Momsen
30%
Who is Dan Humphreys mom?Alison Humphrey
24%
What was the name of the center Eric van der woodsen stayed at during the first episodes of gossip girl?The ostroff center
20%
What character did Hilary Duff portray in season 3 of gossip girl?Olivia Burke
15%
What was Jenny Humphreys big passion?Fashion designing
6%
What was the name of the teacher Dan Humphrey had a love affair with?Rachel Carr (mrs Carr)
6%
What was the name of the school Serena and Blair attended in the first seasons of gossip girl?Constance billard st. Judes school
1%
When did the first season of gossip girl air?september 19th 2007
1%

Score Distribution

Percentile by Number Answered

Percent of People with Each Score

Your Score History

You have not taken this quiz